000 00882nam a2200265 a 4500
001 19795
003 BD-RjUL
005 20211209000459.0
008 140225s1930 enkbcfh b 000 0 eng d
035 _a31-02409
_a(BD-RjUL)19856
040 _aDLC
_cWSU
_dSER
_dm.c
_dOCL
_dBD-RjUL
_beng
041 _aeng
082 _a822.33
_bCHS 1930
100 1 _aChambers, E. K.
_q(Edmund Kerchever),
_d1866-1954.
_951596
245 1 0 _aWilliam Shakespeare :
_ba study of facts and problems /
_cE.K. Chambers.
260 _aOxford :
_bClarendon Press,
_c1930, [reprinted 1951]
300 _a v. :
_bill. ;
_c23 cm.
505 0 _av. 1 -- v. 2 --
600 1 0 _aShakespeare, William,
_d1564-1616.
_9241846
600 1 0 _aShakespeare, William,
_d1564-1616
_xStage history
_yTo 1625.
_9241847
650 _aShakespeare, William
_960817
942 _2ddc
_cBK
999 _c19795
_d19795